|
|
|
|
| LEADER |
00000nam0a2200000 4500 |
| 001 |
16484 |
| 005 |
20260227093049.0 |
| 035 |
|
|
|a (RuTPU)RU\TPU\book\16609
|
| 035 |
|
|
|a BOOK00016679
|
| 090 |
|
|
|a 16484
|
| 100 |
|
|
|a 20011209d1983 m y0rusy50 ca
|
| 101 |
0 |
|
|a rus
|
| 102 |
|
|
|a RU
|
| 105 |
|
|
|a a z 000zb
|
| 200 |
1 |
|
|a Дмитрий Донской
|f Ю. М. Лощиц
|
| 210 |
|
|
|a Москва
|c Молодая гвардия
|d 1983
|
| 215 |
|
|
|a 367 с.
|c ил.
|
| 225 |
1 |
|
|a ЖЗЛ
|
| 600 |
|
0 |
|a Дмитрий Донской
|c великий князь владимирский и московский
|f 1350-1389
|2 stltpush
|3 (RuTPU)RU\TPU\pers\9952
|
| 606 |
|
|
|7 ca
|8 rus
|a Деятели политические и государственные
|x Персоналии
|y Россия
|z 13-15 вв.
|9 89006
|
| 610 |
1 |
|
|a Россия
|
| 610 |
1 |
|
|a Древняя Русь
|
| 610 |
1 |
|
|a 14 век
|
| 610 |
1 |
|
|a монголо-татарское нашествие
|
| 610 |
1 |
|
|a Куликовская битва
|
| 686 |
|
|
|a Т3(2)42
|2 rubbk
|
| 700 |
|
1 |
|a Лощиц
|b Ю. М.
|g Юрий Михайлович
|
| 801 |
|
0 |
|a RU
|b 63413507
|c 20011209
|g PSBO
|
| 801 |
|
2 |
|a RU
|b 63413507
|c 20180716
|g PSBO
|
| 942 |
|
|
|c BK
|